| 000 | 01677nam a22004457a 4500 | ||
|---|---|---|---|
| 001 | 000095912 | ||
| 003 | CHAP | ||
| 005 | 20220329143129.0 | ||
| 008 | 060612d2006 mx d r 00110 spa d | ||
| 010 | _a92378 | ||
| 011 | _a93350 | ||
| 035 | _a103922 | ||
| 040 | _cCHAP | ||
| 090 | _aTesis | ||
| 100 | 0 | 0 |
_aDíaz Hernández, Mario. _933505 |
| 245 | 1 | 0 |
_aComportamiento reproductivo de vacas con diferente porcentaje de genes Bos taurus en el trópico mexicano / _c/por Mario Díaz Hernández. |
| 260 |
_aChapingo, Méx. : _bEl autor, _c2006. |
||
| 300 |
_a53 h. : _bgráfs. , cuadros. |
||
| 502 | _aTesis (M. C. en Producción Animal) -- UACH. Departamento de Zootecnia | ||
| 590 |
_aALEPH _b10 _c20130110 _lUCH01 _h1512 |
||
| 590 |
_aBATCH-UPD _b10 _c20130110 _lUCH01 _h0542 |
||
| 590 |
_aBATCH-UPD _b10 _c20130410 _lUCH01 _h0222 |
||
| 590 |
_aBATCH-UPD _b10 _c20130914 _lUCH01 _h1217 |
||
| 590 |
_aBATCH-UPD _b10 _c20140324 _lUCH01 _h1457 |
||
| 590 |
_aBATCH-UPD _b10 _c20141002 _lUCH01 _h0830 |
||
| 590 |
_aCONVERSION _b10 _c20130109 _lUCH01 _h1351 |
||
| 590 |
_aE5765TAJ _b10 _c20130605 _lUCH01 _h1129 |
||
| 650 | 1 | 4 |
_aAnimales _xHabitos y conducta. _95865 |
| 650 | 1 | 4 |
_aGanado vacuno _xGenética. _945470 |
| 650 | 1 | 4 |
_aGanado vacuno _xMéxico. _945492 |
| 650 | 1 | 4 |
_aGanado vacuno _xReproducción. _945510 |
| 650 | 1 | 4 |
_aGanado vacuno _xTrópicos. _945522 |
| 856 |
_3Finding aid _uhttp://10.13.5.2/tesis/103922.pdf _zTeclea aquí |
||
| 901 | _aBK | ||
| 905 | _aMarco A. Mendoza T. | ||
| 942 | _cCD | ||
| 942 | _n0 | ||
| 949 |
_aTesis _bBC _cTES _d00000001039221 _eTS1 _gDonaciØn _h45493 _i103922 _sb |
||
| 949 |
_aTesis _bBC _cTES _d33724000990966 _eTS2 _fc.2 _gDonaciØn _h45494 _i103922 _sb |
||
| 999 |
_c92378 _d92378 |
||